[Event "Sabadell Coral Colon op 12th"]
[Site "Sabadell"]
[Date "2018.03.23"]
[Round "7"]
[White "Menendez Cabrera, Enric"]
[Black "Martinez Ferrer, Albert"]
[Result "0-1"]
[WhiteElo "1659"]
[BlackElo "1871"]
[PlyCount "84"]
[EventDate "2018.02.09"]
[EventType "swiss"]
[EventRounds "9"]
[EventCountry "ESP"]
[SourceTitle "EXT 2019"]
[Source "ChessBase"]
[SourceDate "2018.10.10"]
[SourceVersion "1"]
[SourceVersionDate "2018.10.10"]
[SourceQuality "1"]

1. d4 d5 2. c4 c6 3. Nc3 Nf6 4. Nf3 Bf5 5. e3 h6 6. Be2 e6 7. 0-0 Bd6 8. b3 Nbd7 9. c5 Bc7 10. Bb2 0-0 11. Rc1 Ne4 12. Nxe4 Bxe4 13. Ne5 Bh7 14. Bd3 Qe7 15. Bxh7+ Kxh7 16. Qd3+ Kg8 17. f4 Bxe5 18. fxe5 f5 19. Rf3 g5 20. Rcf1 Qg7 21. Bc1 g4 22. Rg3 h5 23. h4 Rf7 24. a4 Nf8 25. Kf2 Ng6 26. Rh1 Raf8 27. Ke1 Qh7 28. a5 a6 29. b4 f4 30. exf4 Nxf4 31. Bxf4 Rxf4 32. Re3 Qxd3 33. Rxd3 Re4+ 34. Kd2 Rf2+ 35. Kc3 Ree2 36. g3 Kg7 37. Rhd1 Kg6 38. R1d2 Kf5 39. Rd1 Ke4 40. Kb3 Rf3 41. Kc3 Rxd3+ 42. Rxd3 Re3 0-1

[Event "Barcelona CC 4th"]
[Site "Barcelona"]
[Date "2016.11.07"]
[Round "4.9"]
[White "Menendez Cabrera, Enric"]
[Black "Canellas Magide, Lluis"]
[Result "0-1"]
[WhiteElo "1807"]
[BlackElo "2183"]
[PlyCount "48"]
[EventDate "2016.10.17"]
[EventType "swiss"]
[EventRounds "8"]
[EventCountry "ESP"]
[SourceTitle "EXT 2024"]
[Source "ChessBase"]
[SourceDate "2023.10.10"]
[SourceVersion "1"]
[SourceVersionDate "2023.10.10"]
[SourceQuality "1"]

1. d4 d5 2. c4 Nc6 3. Nf3 Bg4 4. Nc3 e6 5. e3 Nge7 6. h3 Bf5 7. a3 h6 8. Bd3 g6 9. 0-0 Bg7 10. b4 0-0 11. Bb2 g5 12. Re1 Bxd3 13. Qxd3 f5 14. c5 Qe8 15. Ne2 Ng6 16. Nd2 h5 17. b5 Nce7 18. a4 g4 19. Nf4 Nxf4 20. exf4 Ng6 21. Qe3 Rf6 22. hxg4 fxg4 23. f5 Nf8 24. fxe6 Rxe6 0-1

[Event "Foment Martinenc op-B 17th"]
[Site "Barcelona"]
[Date "2015.06.06"]
[Round "7"]
[White "Planas Sarmiento, Joan"]
[Black "Menendez Cabrera, Enric"]
[Result "0-1"]
[WhiteElo "1995"]
[BlackElo "1795"]
[PlyCount "74"]
[EventDate "2015.04.25"]
[EventType "swiss"]
[EventRounds "9"]
[EventCountry "ESP"]
[SourceTitle "EXT 2017"]
[Source "ChessBase"]
[SourceDate "2016.10.25"]
[SourceVersion "1"]
[SourceVersionDate "2016.10.25"]
[SourceQuality "1"]

1. e4 c5 2. Nf3 d6 3. d4 cxd4 4. Nxd4 Nf6 5. Nc3 a6 6. h3 Nc6 7. Be3 e6 8. g4 Nxd4 9. Bxd4 e5 10. Be3 Be7 11. Bg2 0-0 12. 0-0 Be6 13. Nd5 Nxd5 14. exd5 Bd7 15. Be4 f5 16. gxf5 Bxf5 17. Qd3 Qd7 18. Kh2 Bh4 19. f4 Rae8 20. Bxf5 Qxf5 21. Qxf5 Rxf5 22. Rad1 Bf6 23. Kg2 exf4 24. Bxf4 Re2+ 25. Kg3 Rxc2 26. Bxd6 Rxf1 27. Rxf1 Rxb2 28. Rd1 Rxa2 29. Bc7 Kf7 30. Rd3 Ke7 31. Kf3 Rc2 32. Ba5 Kd7 33. d6 Rc6 34. Rb3 b5 35. Bb4 Be5 36. Ke4 Bxd6 37. Bxd6 Rxd6 0-1

[Event "Foment Martinenc op-B 17th"]
[Site "Barcelona"]
[Date "2015.05.16"]
[Round "4"]
[White "Menendez Cabrera, Enric"]
[Black "Sanchez Coves, Juan Josep"]
[Result "1/2-1/2"]
[WhiteElo "1795"]
[BlackElo "1894"]
[PlyCount "102"]
[EventDate "2015.04.25"]
[EventType "swiss"]
[EventRounds "9"]
[EventCountry "ESP"]
[SourceTitle "EXT 2017"]
[Source "ChessBase"]
[SourceDate "2016.10.25"]
[SourceVersion "1"]
[SourceVersionDate "2016.10.25"]
[SourceQuality "1"]

1. e4 c5 2. c3 d6 3. d4 cxd4 4. cxd4 Nf6 5. Bd3 e6 6. Nc3 Be7 7. Nge2 Nbd7 8. 0-0 0-0 9. h3 e5 10. d5 Nc5 11. Kh1 Nxd3 12. Qxd3 Nd7 13. b4 a6 14. Be3 Bg5 15. f4 exf4 16. Nxf4 Ne5 17. Qe2 Bxf4 18. Bxf4 Ng6 19. Bg3 f6 20. Rac1 Ne5 21. Nd1 Nf7 22. Ne3 Bd7 23. Rf2 Rc8 24. Rxc8 Qxc8 25. Qc4 Bb5 26. Qxc8 Rxc8 27. Nf5 Rc4 28. Nxd6 Nxd6 29. Bxd6 Rxe4 30. Rd2 Kf7 31. Bc7 Re2 32. Rxe2 Bxe2 33. d6 Ke6 34. Kg1 f5 35. Kf2 Bc4 36. a4 Bb3 37. a5 Bc4 38. Ke3 Bf1 39. Kf2 Bb5 40. Ke3 g5 41. g3 h5 42. h4 gxh4 43. gxh4 Kf6 44. Bb6 Ke6 45. Bc5 Ke5 46. Kf3 Bc6+ 47. Ke3 f4+ 48. Kf2 Kf5 49. Bb6 Kg4 50. Bd8 Kf5 51. Be7 Ke6 1/2-1/2

[Event "Barcelona Tardor op 2nd"]
[Site "Barcelona"]
[Date "2014.10.20"]
[Round "3"]
[White "Albert Cristobal, Jorge"]
[Black "Menendez Cabrera, Enric"]
[Result "1-0"]
[WhiteElo "1982"]
[BlackElo "1721"]
[PlyCount "55"]
[EventDate "2014.10.06"]
[EventType "swiss"]
[EventRounds "8"]
[EventCountry "ESP"]
[SourceTitle "EXT 2016"]
[Source "ChessBase"]
[SourceDate "2015.10.08"]
[SourceVersion "1"]
[SourceVersionDate "2015.10.08"]
[SourceQuality "1"]

1. e4 c5 2. d4 cxd4 3. c3 dxc3 4. Nxc3 Nc6 5. Bc4 e6 6. Nf3 Bb4 7. 0-0 Bxc3 8. bxc3 Nge7 9. Bg5 0-0 10. Qd6 f6 11. Bh4 Ng6 12. Bg3 Na5 13. Bd3 Qe7 14. Qc7 b6 15. Bb5 Qc5 16. Qxc5 bxc5 17. Bd6 Rf7 18. Bxc5 Nb7 19. Ba3 d6 20. Nd4 Rc7 21. Bc6 e5 22. Bxb7 Bxb7 23. Nb5 Rd7 24. Nxd6 Ba6 25. Rfd1 Rad8 26. Rd2 Ne7 27. Rad1 Kh8 28. Nf7+ 1-0